|
|
|
|
| LEADER |
01878nam a2200469Ia 4500 |
| 001 |
EBC178432 |
| 003 |
MiAaPQ |
| 005 |
20200520144314.0 |
| 006 |
m o d | |
| 007 |
cr cn||||||||| |
| 008 |
000418s2000 nyua sb 001 0 eng d |
| 010 |
|
|
|z 00032321
|
| 015 |
|
|
|a GBA1-17723
|
| 020 |
|
|
|z 0203903358
|
| 020 |
|
|
|z 081533463X (alk. paper)
|
| 035 |
|
|
|a (MiAaPQ)EBC178432
|
| 035 |
|
|
|a (Au-PeEL)EBL178432
|
| 035 |
|
|
|a (CaPaEBR)ebr10053851
|
| 035 |
|
|
|a (CaONFJC)MIL40728
|
| 035 |
|
|
|a (OCoLC)277846129
|
| 040 |
|
|
|a MiAaPQ
|c MiAaPQ
|d MiAaPQ
|
| 050 |
|
4 |
|a LC67.68.E852
|b E47 2000
|
| 082 |
0 |
4 |
|a 338.4/3378
|2 21
|
| 245 |
0 |
4 |
|a The emerging markets and higher education
|h [electronic resource] :
|b development and sustainability /
|c edited by Matthew S. McMullen, James E. Mauch, Bob Donnorummo.
|
| 260 |
|
|
|a New York :
|b RoutledgeFalmer,
|c 2000.
|
| 300 |
|
|
|a xxi, 232 p. :
|b ill.
|
| 490 |
1 |
|
|a RoutledgeFalmer studies in higher education ;
|v v. 24
|
| 504 |
|
|
|a Includes bibliographical references and index.
|
| 533 |
|
|
|a Electronic reproduction. Ann Arbor, MI : ProQuest, 2015. Available via World Wide Web. Access may be limited to ProQuest affiliated libraries.
|
| 650 |
|
0 |
|a Education, Higher
|x Economic aspects
|z Europe, Eastern.
|
| 650 |
|
0 |
|a Education, Higher
|x Economic aspects
|z Asia.
|
| 650 |
|
0 |
|a Education, Higher
|x Economic aspects
|z Latin America.
|
| 650 |
|
0 |
|a Capital market
|z Europe, Eastern.
|
| 650 |
|
0 |
|a Capital market
|z Asia.
|
| 650 |
|
0 |
|a Capital market
|z Latin America.
|
| 655 |
|
4 |
|a Electronic books.
|
| 700 |
1 |
|
|a McMullen, Matthew S.,
|d 1967-
|
| 700 |
1 |
|
|a Mauch, James E.,
|d 1930-
|
| 700 |
1 |
|
|a Donnorummo, Robert Pepe,
|d 1944-
|
| 710 |
2 |
|
|a ProQuest (Firm)
|
| 830 |
|
0 |
|a RoutledgeFalmer studies in higher education ;
|v v. 24.
|
| 856 |
4 |
0 |
|u https://ebookcentral.proquest.com/lib/matrademy/detail.action?docID=178432
|z Click to View
|